Größte Mandelproduzenten weltweit - Statistiken

Allgemein
  • Dieses Quiz wurde 33 mal gespielt
  • Das Durchschnittsergebnis liegt bei 7 aus 10
Antwortstatistiken
Menge in t Produktionsland % Korrekt
1.791.690 USA
90%
77.680 Italien
81%
297.660 Spanien
81%
170.000 Türkei
81%
102.414 Iran
74%
69.638 Algerien
71%
146.059 Marokko
68%
70.939 Tunesien
68%
260.000 Australien
55%
146.059 Syrien
45%
Keine übereinstimmenden Quizze gefunden
Verteilung der Resultate
Anzahl Personen mit jedem Resultat
Perzentil nach korrekt beantworteten Fragen
Ihre Resultats-Entwicklung
Sie haben dieses Quiz noch nicht gespielt